Performance and Reliability Analysis of Computer Systems (Record no. 1679180)

MARC details
000 -LEADER
fixed length control field 00324 a2200109 4500
000 - LEADER
fixed length control field nam a22 7a 4500
005 - DATE AND TIME OF LATEST TRANSACTION
control field 20260210190004.0
100 ## - MAIN ENTRY--PERSONAL NAME
Personal name Sahner, Robin; Trivedi, Kishor S.; Puliafito, Antonio
9 (RLIN) 1114957
245 ## - TITLE STATEMENT
Title Performance and Reliability Analysis of Computer Systems
260 ## - PUBLICATION, DISTRIBUTION, ETC.
Name of publisher, distributor, etc. Springer
942 ## - ADDED ENTRY ELEMENTS (KOHA)
Koha item type Textual
Holdings
Withdrawn status Lost status Source of classification or shelving scheme Damaged status Not for loan Home library Current library Date acquired Source of acquisition Cost, normal purchase price Total Checkouts Date last seen Cost, replacement price Price effective from Koha item type
    Colon Classification (CC)     Central Science Library Central Science Library 2026-04-06 104 11272.05   2026-04-06 16102.93 2026-04-06 Textual
Copyright @ Delhi University Library System